000 00563cam a22002053a 4500
001 45180
003 PGUSA
005 20140828084032.0
008 140320s2014||||xxu|||||s|||||000 | eng d
040 _aPGUSA
_beng
042 _adc
100 1 _aCalcagno, Francisco
245 1 0 _aPoetas de color
_h[electronic resource] /
_cFrancisco Calcagno
260 _bProject Gutenberg,
_c2014
506 _aPublic domain in the USA.
516 _aElectronic text
830 0 _aProject Gutenberg
_v45180
856 4 0 _uhttp://www.gutenberg.org/ebooks/45180
942 _cEB
999 _c274431
_d274431